[Event "4NCL Division 2d"]
[Site "Birmingham, ENG"]
[Date "2016.04.30"]
[Round "9.251"]
[White "Povah, Nigel E"]
[Black "Farrand, Tom"]
[Result "1/2-1/2"]
[WhiteElo "2301"]
[BlackElo "2177"]
[PlyCount "82"]
[EventDate "2016.04.30"]
[WhiteTeam "Guildford 3"]
[BlackTeam "CSC Dragons [1]"]

1. d4 f5 2. Bg5 h6 3. Bh4 g5 4. e4 Nf6 5. Bg3 f4 6. e5 e6 7. Bd3 Nd5 8. Qh5+
Ke7 9. Nh3 Rg8 10. c4 Qe8 11. Qxe8+ Kxe8 12. cxd5 fxg3 13. Nc3 gxh2 14. Rxh2
exd5 15. Nxd5 Kd8 16. Nf6 Bb4+ 17. Ke2 Rf8 18. Ng1 Nc6 19. Nf3 d6 20. Rxh6 g4
21. Ng5 Nxd4+ 22. Kf1 dxe5 23. Nfh7 Nf5 24. Rg6 Re8 25. Rd1 Nd6 26. Bb5 c6 27.
Nf7+ Kc7 28. Nxd6 Bxd6 29. Bxc6 bxc6 30. Rgxd6 e4 31. Nf6 Re7 32. R6d4 Ba6+ 33.
Kg1 Bd3 34. Nxg4 Be2 35. Ne3 Bxd1 36. Rxd1 Rd8 37. Rc1 Rd2 38. Nc4 Rd4 39. g4
c5 40. Kg2 Kc6 41. b3 Rd3 1/2-1/2

[Event "4NCL Division 2d"]
[Site "Birmingham, ENG"]
[Date "2016.04.30"]
[Round "9.252"]
[White "Thompson, Ian D"]
[Black "Zhang, Anthony Y"]
[Result "1-0"]
[WhiteElo "2161"]
[BlackElo "2207"]
[PlyCount "85"]
[EventDate "2016.04.30"]
[WhiteTeam "CSC Dragons [1]"]
[BlackTeam "Guildford 3"]

1. c4 f5 2. g3 Nf6 3. Bg2 g6 4. Nc3 Bg7 5. d3 O-O 6. e4 d6 7. Nge2 Nc6 8. O-O
e5 9. Nd5 Be6 10. f4 Qd7 11. Rb1 Rae8 12. fxe5 dxe5 13. Be3 b6 14. Nxf6+ Bxf6
15. Nc3 f4 16. gxf4 exf4 17. Bxf4 Qd4+ 18. Kh1 Ne5 19. Nb5 Qxd3 20. Nxc7 Bxc4
21. Nxe8 Rxe8 22. Bxe5 Bxe5 23. b3 Ba6 24. Rf2 Bc3 25. Qxd3 Bxd3 26. Rd1 Bxe4
27. Bxe4 Rxe4 28. Rd8+ Kg7 29. Rd7+ Kh6 30. Rxa7 Bd4 31. Rff7 Kg5 32. Rxh7 Kg4
33. Rhe7 Rf4 34. Rf7 Re4 35. Rae7 Be5 36. Kg2 b5 37. Rf2 Kg5 38. Kf1 b4 39.
Ref7 Rh4 40. Rg2+ Kh6 41. Re7 Rf4+ 42. Ke2 Re4+ 43. Kd3 1-0

[Event "4NCL Division 2d"]
[Site "Birmingham, ENG"]
[Date "2016.04.30"]
[Round "9.253"]
[White "Granat, Russell G"]
[Black "Coates, Kenneth G"]
[Result "1-0"]
[WhiteElo "2217"]
[BlackElo "2123"]
[PlyCount "115"]
[EventDate "2016.04.30"]
[WhiteTeam "Guildford 3"]
[BlackTeam "CSC Dragons [1]"]

1. e4 d5 2. exd5 Qxd5 3. Nc3 Qd6 4. d4 Nf6 5. g3 c6 6. Bg2 g6 7. Nf3 Bg7 8. O-O
O-O 9. Re1 Re8 10. a3 Bg4 11. Bf4 Qd8 12. h3 Bxf3 13. Bxf3 Nbd7 14. d5 cxd5 15.
Nxd5 e5 16. Bg5 Qc8 17. c3 Rb8 18. Qd2 Nxd5 19. Qxd5 Nb6 20. Qa5 Qf5 21. Qxa7
Nc4 22. Bd5 Nxb2 23. Bc1 Qc2 24. Qe3 e4 25. Bxb2 Qxb2 26. Qf4 Rf8 27. Rab1 Qxc3
28. Re3 Qd2 29. Qxe4 b6 30. Rd3 Qc2 31. Rbd1 Kh8 32. Bxf7 Qc5 33. Rf3 Rbd8 34.
Rxd8 Rxd8 35. Kg2 Qd4 36. Qe7 Qd6 37. Qb7 Rf8 38. Bc4 Rxf3 39. Qxf3 Qf8 40. Qd5
Bf6 41. a4 Kg7 42. f4 Be7 43. Kf3 Qf6 44. g4 Qc3+ 45. Bd3 Bc5 46. Qd7+ Kf8 47.
f5 Qd2 48. Qd8+ Kg7 49. Qc7+ Kf8 50. Qb8+ Kg7 51. f6+ Kxf6 52. Qh8+ Ke7 53.
Qxh7+ Kd8 54. Qg8+ Ke7 55. Qg7+ Kd8 56. Qf6+ Kc7 57. Qf4+ Qxf4+ 58. Kxf4 1-0

[Event "4NCL Division 2d"]
[Site "Birmingham, ENG"]
[Date "2016.04.30"]
[Round "9.254"]
[White "Fegan, Chris"]
[Black "Osborne, Marcus E"]
[Result "0-1"]
[WhiteElo "2079"]
[BlackElo "2213"]
[PlyCount "54"]
[EventDate "2016.04.30"]
[WhiteTeam "CSC Dragons [1]"]
[BlackTeam "Guildford 3"]

1. e4 e6 2. d3 b6 3. Nd2 Bb7 4. g3 c5 5. Bg2 d6 6. f4 g6 7. Ngf3 Ne7 8. O-O Bg7
9. c3 Nbc6 10. Nc4 d5 11. Nce5 O-O 12. Nxc6 Bxc6 13. Ne5 Bb7 14. Qe2 Qc8 15. g4
f6 16. Nf3 c4 17. exd5 Bxd5 18. d4 e5 19. Nd2 exd4 20. Qxe7 Qxg4 21. Nf3 Rfe8
22. Qb4 Bf8 23. Qb5 Bc5 24. cxd4 Re2 25. Rf2 a6 26. Qa4 Bxd4 27. Nxd4 Re1+ 0-1

[Event "4NCL Division 2d"]
[Site "Birmingham, ENG"]
[Date "2016.04.30"]
[Round "9.255"]
[White "Golding, Alex"]
[Black "Amato, Giampiero"]
[Result "0-1"]
[WhiteElo "2155"]
[BlackElo "2011"]
[PlyCount "82"]
[EventDate "2016.04.30"]
[WhiteTeam "Guildford 3"]
[BlackTeam "CSC Dragons [1]"]

1. e4 e5 2. Nf3 Nf6 3. Nxe5 d6 4. Nxf7 Kxf7 5. d4 Qe8 6. Nc3 Nc6 7. Bc4+ d5 8.
Nxd5 Qxe4+ 9. Be3 Nxd5 10. Qh5+ Qg6 11. Qxd5+ Ke8 12. O-O-O Be7 13. a3 Qf5 14.
Rhe1 Qxd5 15. Bxd5 Kd8 16. f3 Bf6 17. Be4 Bd7 18. b4 Kc8 19. Rd3 h6 20. g4 a6
21. c4 Re8 22. Kc2 Re7 23. h3 Nd8 24. d5 Nf7 25. Bc5 Nd6 26. Bxd6 cxd6 27. f4
Kc7 28. Rde3 Rae8 29. Kd3 b6 30. R1e2 Ba4 31. Bg6 Rxe3+ 32. Rxe3 Rxe3+ 33. Kxe3
Bb2 34. h4 Bc1+ 35. Kf3 Bd1+ 36. Kg3 Bxa3 37. b5 a5 38. g5 hxg5 39. hxg5 Bc1
40. Bb1 a4 41. g6 Kd7 0-1

[Event "4NCL Division 2d"]
[Site "Birmingham, ENG"]
[Date "2016.04.30"]
[Round "9"]
[White "Ismailov, Roman"]
[Black "Punnett, Alan K"]
[Result "1-0"]
[WhiteElo "2045"]
[BlackElo "2125"]
[PlyCount "49"]
[EventDate "2016.04.30"]
[WhiteTeam "CSC Dragons [1]"]
[BlackTeam "Guildford 3"]

1. d4 Nf6 2. Nf3 d5 3. e3 g6 4. b3 Bg7 5. Bb2 O-O 6. Nbd2 c5 7. Bd3 Nc6 8. a3
Qb6 9. dxc5 Qxc5 10. O-O Re8 11. b4 Qb6 12. c4 Bg4 13. cxd5 Nxd5 14. Bxg7 Kxg7
15. Bc4 Rad8 16. Qb3 e6 17. h3 Bxf3 18. Nxf3 Qc7 19. Rac1 Qe7 20. Bb5 Rc8 21.
Rc5 Qf6 22. e4 Nde7 23. e5 Qf4 24. Rc4 Qf5 25. g4 1-0

[Event "4NCL Division 2d"]
[Site "Birmingham, ENG"]
[Date "2016.04.30"]
[Round "9.1"]
[White "Shepley, Julien M"]
[Black "Staples, Daniel J"]
[Result "1/2-1/2"]
[WhiteElo "2042"]
[BlackElo "1981"]
[PlyCount "76"]
[EventDate "2016.04.30"]
[WhiteTeam "Guildford 3"]
[BlackTeam "CSC Dragons [1]"]

1. e4 e6 2. d4 d5 3. Nd2 dxe4 4. Nxe4 Nd7 5. Nf3 Ngf6 6. Nxf6+ Nxf6 7. Bd3 c5
8. dxc5 Bxc5 9. O-O O-O 10. Qe2 b6 11. Bg5 Bb7 12. Rad1 Qc7 13. Bxf6 gxf6 14.
Be4 Rfd8 15. Rxd8+ Rxd8 16. Bxb7 Qxb7 17. Rd1 Rxd1+ 18. Qxd1 Qa6 19. a3 Qb5 20.
b4 Be7 21. Ne1 Qa4 22. Qg4+ Kh8 23. Qg3 e5 24. Qc3 Qd7 25. Qf3 f5 26. c4 Bf6
27. Qd3 Qe6 28. a4 e4 29. Qb3 f4 30. Kf1 Kg7 31. Nc2 a6 32. b5 a5 33. h3 h5 34.
Ke2 h4 35. Ke1 Kg6 36. Ke2 Kf5 37. g4+ Kg5 38. f3 Bg7 1/2-1/2

[Event "4NCL Division 2d"]
[Site "Birmingham, ENG"]
[Date "2016.04.30"]
[Round "9.2"]
[White "Head, Louise"]
[Black "Stimpson, Philip M"]
[Result "1-0"]
[WhiteElo "1981"]
[BlackElo "1975"]
[PlyCount "55"]
[EventDate "2016.04.30"]
[WhiteTeam "CSC Dragons [1]"]
[BlackTeam "Guildford 3"]

1. d4 Nf6 2. c4 e6 3. Nf3 b6 4. a3 Ba6 5. Qb3 d5 6. cxd5 Qxd5 7. Qc2 Nbd7 8.
Nc3 Qb7 9. g3 Rc8 10. Bg2 c5 11. O-O cxd4 12. Nxd4 Nd5 13. Rd1 Qc7 14. Bxd5
exd5 15. Qf5 Nf6 16. Bg5 Qd7 17. Bxf6 gxf6 18. Qxf6 Rg8 19. Qe5+ Qe7 20. Qxe7+
Bxe7 21. Nxd5 Bd8 22. Nb4 Bb7 23. Nb5 Be7 24. Nxa7 Rc5 25. Rac1 Rgg5 26. Nd3
Rxc1 27. Rxc1 h5 28. Nc8 1-0

[Event "4NCL Division 2d"]
[Site "Birmingham, ENG"]
[Date "2016.04.30"]
[Round "9.5"]
[White "Asenov, Pavel"]
[Black "Lyell, Mark"]
[Result "0-1"]
[WhiteElo "2260"]
[BlackElo "2290"]
[PlyCount "126"]
[EventDate "2016.04.30"]
[WhiteTeam "Brown Jack Witney"]
[BlackTeam "Hackney 1"]

1. d4 e6 2. c4 f5 3. Nf3 Nf6 4. Nc3 Bb4 5. Qd3 c5 6. Bg5 O-O 7. a3 Ba5 8. dxc5
Na6 9. Qc2 Bxc3+ 10. Qxc3 Nxc5 11. Bxf6 Rxf6 12. g3 b6 13. Bg2 Bb7 14. O-O Rc8
15. Rad1 Qc7 16. Qe3 Rff8 17. Rd4 d6 18. Rfd1 Rfd8 19. Rh4 e5 20. Bh3 Rf8 21.
Ng5 h6 22. Nf3 Ne6 23. Rh5 Bxf3 24. Qxf3 Ng5 25. Rxg5 e4 26. Rxg7+ Qxg7 27. Qf4
Qg5 28. Qxd6 Kh8 29. Rd5 Rcd8 30. Qe5+ Qg7 31. Qe6 Rxd5 32. cxd5 Qf6 33. Qd7 f4
34. Bg2 fxg3 35. hxg3 Qxf2+ 36. Kh2 Qxe2 37. Qe6 Qh5+ 38. Kg1 Qd1+ 39. Kh2 Qh5+
40. Kg1 Qg5 41. Qxe4 Qxg3 42. Qd4+ Qg7 43. Qd2 Qg5 44. Qd4+ Rf6 45. Qc3 Qg7 46.
Kh1 Qe7 47. Qc8+ Rf8 48. Qc3+ Qf6 49. Qd2 Rf7 50. Qc1 Qd4 51. Qc8+ Kg7 52. Qc1
Re7 53. Bf3 Qe3 54. Qf1 Qe1 55. Kg2 Qxf1+ 56. Kxf1 Kf6 57. Kf2 Ke5 58. Ke3 Rc7
59. Kd2 Rc4 60. Kd3 Rh4 61. b4 Rh3 62. Ke2 Rxf3 63. Kxf3 Kxd5 0-1

[Event "4NCL Division 2d"]
[Site "Birmingham, ENG"]
[Date "2016.04.30"]
[Round "9.6"]
[White "Eames, Robert S"]
[Black "Padilla Cabero, Pablo"]
[Result "1/2-1/2"]
[WhiteElo "2275"]
[BlackElo "2165"]
[PlyCount "92"]
[EventDate "2016.04.30"]
[WhiteTeam "Hackney 1"]
[BlackTeam "Brown Jack Witney"]

1. e4 e5 2. Nf3 Nc6 3. Bc4 g6 4. d4 exd4 5. O-O Bg7 6. c3 Na5 7. Be2 dxc3 8.
Nxc3 Ne7 9. Bg5 h6 10. Bh4 g5 11. Bg3 Nac6 12. h4 Ng6 13. Nd5 d6 14. h5 Nge5
15. Bb5 Bd7 16. Rc1 O-O 17. Nxe5 dxe5 18. f3 Nd4 19. Bxd7 c6 20. Bxc6 bxc6 21.
Ne3 Qb6 22. Nc4 Qa6 23. Rf2 f6 24. b4 Rfd8 25. Rd2 Qb5 26. Be1 Bf8 27. a3 c5
28. a4 Qe8 29. b5 Qxh5 30. Ne3 Qg6 31. Bf2 h5 32. Nf5 Rdc8 33. Bxd4 cxd4 34.
Rdc2 Rxc2 35. Qxc2 Qf7 36. Qc6 Rd8 37. Kf1 Kh7 38. Qc4 Rd7 39. Qxf7+ Rxf7 40.
Ke2 Bb4 41. Rc6 Kg6 42. Kd3 g4 43. fxg4 hxg4 44. g3 Be1 45. Ke2 Bb4 46. Rc8 Rd7
1/2-1/2

[Event "4NCL Division 2d"]
[Site "Birmingham, ENG"]
[Date "2016.04.30"]
[Round "9.7"]
[White "Mihalik, Agoston"]
[Black "Britton, Richard L"]
[Result "1-0"]
[WhiteElo "2127"]
[BlackElo "2186"]
[PlyCount "61"]
[EventDate "2016.04.30"]
[WhiteTeam "Brown Jack Witney"]
[BlackTeam "Hackney 1"]

1. e4 c5 2. Nf3 d6 3. d4 cxd4 4. Nxd4 Nf6 5. Nc3 a6 6. Bg5 e6 7. f4 Nbd7 8. Bc4
Qa5 9. Bxf6 Nxf6 10. Qe2 Qc7 11. e5 dxe5 12. fxe5 Ng4 13. Qxg4 Qxc4 14. O-O-O
Qc7 15. Rhf1 Qxe5 16. Nf3 Qe3+ 17. Kb1 h5 18. Qa4+ b5 19. Nxb5 Ke7 20. Nc7 Rb8
21. Qe8+ Kf6 22. Nh4+ Kg5 23. Qa4 Rb4 24. Nf3+ Kh6 25. Qa5 Bc5 26. Rd3 Qe2 27.
Re1 Qf2 28. Rd2 Qxe1+ 29. Nxe1 Re4 30. Nf3 Bb4 31. Qg5+ 1-0

[Event "4NCL Division 2d"]
[Site "Birmingham, ENG"]
[Date "2016.04.30"]
[Round "9.8"]
[White "Chin, Francis"]
[Black "Onley, David E"]
[Result "1-0"]
[WhiteElo "2155"]
[BlackElo "2158"]
[PlyCount "117"]
[EventDate "2016.04.30"]
[WhiteTeam "Hackney 1"]
[BlackTeam "Brown Jack Witney"]

1. d4 Nf6 2. Nf3 g6 3. g3 Bg7 4. Bg2 O-O 5. O-O d6 6. c4 Nbd7 7. Nc3 e5 8. h3
h6 9. e4 c6 10. Be3 Qe7 11. Qc2 a5 12. Rad1 Re8 13. Rfe1 Kh7 14. b3 Rb8 15. Kh2
Ng8 16. Rd2 Ngf6 17. Red1 exd4 18. Rxd4 Nc5 19. Bf4 Nfxe4 20. Nxe4 Nxe4 21.
Rxe4 Qxe4 22. Ng5+ hxg5 23. Bxe4 gxf4 24. gxf4 f5 25. Bf3 Re6 26. Kg3 Bd7 27.
h4 Bh6 28. Rd3 Bf8 29. Qd1 Be7 30. Qd2 Ra8 31. Re3 Kg7 32. Rxe6 Bxe6 33. Qe3
Kf7 34. Qb6 Bc8 35. h5 gxh5 36. Bxh5+ Ke6 37. Qe3+ Kd7 38. Bf7 Kd8 39. Qd4 Kc7
40. Qh8 Rb8 41. Qe8 Bd8 42. Bg6 b5 43. Qf7+ Kb6 44. cxb5 cxb5 45. Qd5 Bc7 46.
Be8 Bb7 47. Qxb5+ Ka7 48. Bf7 Rd8 49. Bd5 Bb6 50. f3 Bxd5 51. Qxd5 Bc5 52. Kh4
Rb8 53. Kg5 Rb4 54. Qxf5 Kb6 55. Qe6 Kc7 56. f5 Rb8 57. f6 Bb4 58. f7 Bc5 59.
Qe7+ 1-0

[Event "4NCL Division 2d"]
[Site "Birmingham, ENG"]
[Date "2016.04.30"]
[Round "9.9"]
[White "Richmond, Peter"]
[Black "Holes, Michal"]
[Result "1/2-1/2"]
[WhiteElo "2107"]
[BlackElo "2162"]
[PlyCount "107"]
[EventDate "2016.04.30"]
[WhiteTeam "Brown Jack Witney"]
[BlackTeam "Hackney 1"]

1. e4 c5 2. Nf3 d6 3. d4 cxd4 4. Nxd4 Nf6 5. Nc3 e6 6. g4 e5 7. Bb5+ Bd7 8.
Bxd7+ Qxd7 9. Nf5 h5 10. Bg5 Nh7 11. Bh4 g5 12. Nd5 gxh4 13. g5 Na6 14. Qxh5
Nc7 15. g6 Nxd5 16. Qxh7 Rxh7 17. gxh7 Bg7 18. Rg1 O-O-O 19. Rxg7 Nf6 20. O-O-O
d5 21. f3 Rh8 22. Rxf7 Qe6 23. Re7 Qa6 24. exd5 Qxa2 25. Rd3 Rxh7 26. Ra3 Qxa3
27. bxa3 Rxe7 28. Nxe7+ Kd7 29. Ng6 Nxd5 30. Nxe5+ Ke6 31. Nd3 Ne3 32. a4 Nf1
33. Kd1 Nxh2 34. Ke2 h3 35. Nf2 Ke5 36. Nxh3 Kd4 37. Ng5 Kc3 38. Kd1 Kb4 39. f4
Ng4 40. Ne4 b6 41. Nd6 Kxa4 42. Nc8 b5 43. Nxa7 b4 44. Kd2 b3 45. cxb3+ Kxb3
46. Kd3 Kb4 47. Kd4 Ka5 48. Kc5 Ka6 49. Nc6 Ne3 50. Nb4+ Kb7 51. Kd6 Kc8 52.
Nd5 Nf5+ 53. Ke6 Nd4+ 54. Ke5 1/2-1/2

[Event "4NCL Division 2d"]
[Site "Birmingham, ENG"]
[Date "2016.04.30"]
[Round "9.10"]
[White "Balloglu, Piro"]
[Black "Duncan, Patrick C M"]
[Result "1/2-1/2"]
[WhiteElo "1959"]
[BlackElo "2065"]
[PlyCount "122"]
[EventDate "2016.04.30"]
[WhiteTeam "Hackney 1"]
[BlackTeam "Brown Jack Witney"]

1. e4 c6 2. d4 d5 3. Nc3 dxe4 4. Nxe4 Nd7 5. Nf3 Ngf6 6. Nxf6+ Nxf6 7. Bd3 Bg4
8. c3 Qd5 9. Be2 e6 10. Be3 Be7 11. h3 Bxf3 12. Bxf3 Qd7 13. Qc2 O-O 14. O-O
Qc7 15. Rfe1 Rfd8 16. Rad1 Rd7 17. Qa4 Bd6 18. Bg5 Nd5 19. Re4 Bf4 20. Bxf4
Nxf4 21. Re5 Nd5 22. Rde1 g6 23. Qc2 Rad8 24. Qe4 Qd6 25. Qh4 Qe7 26. Qg3 Qf6
27. R1e4 Qg7 28. Rh4 Ne7 29. Be4 Nf5 30. Bxf5 gxf5 31. Qf4 Kh8 32. Re3 Rg8 33.
Rg3 Qf6 34. Rh6 Rg6 35. Rhxg6 hxg6 36. Qb8+ Qd8 37. Qxa7 b6 38. Qa6 c5 39. dxc5
Rd1+ 40. Kh2 Rb1 41. Qd3 Qxd3 42. Rxd3 bxc5 43. Rd2 f4 44. g3 fxg3+ 45. fxg3
Kg7 46. Kg2 f5 47. Kf3 e5 48. a4 c4 49. a5 Kf6 50. Rd6+ Kg5 51. h4+ Kh5 52. a6
Rxb2 53. a7 e4+ 54. Ke3 Ra2 55. Rd7 Kg4 56. Rg7 Kh5 57. Kf4 Rf2+ 58. Ke5 Ra2
59. Kf4 Rf2+ 60. Ke3 Ra2 61. Kf4 Rf2+ 1/2-1/2

[Event "4NCL Division 2d"]
[Site "Birmingham, ENG"]
[Date "2016.04.30"]
[Round "9.11"]
[White "Bourne, Johnathan D"]
[Black "Yurenok, Maria S"]
[Result "1/2-1/2"]
[WhiteElo "1970"]
[BlackElo "1975"]
[PlyCount "64"]
[EventDate "2016.04.30"]
[WhiteTeam "Brown Jack Witney"]
[BlackTeam "Hackney 1"]

1. e4 c5 2. Nc3 Nc6 3. Bb5 Nd4 4. Bc4 e6 5. Nf3 a6 6. d3 b5 7. Bb3 Nxb3 8. axb3
Bb7 9. O-O Ne7 10. Re1 d6 11. Bg5 h6 12. Bh4 g5 13. Bg3 e5 14. Nd5 Bg7 15. Nxe7
Qxe7 16. Nd2 O-O 17. b4 Rae8 18. c4 cxb4 19. cxb5 axb5 20. Qb3 d5 21. exd5 Qd6
22. Ne4 Qxd5 23. Qxd5 Bxd5 24. Nd6 Rd8 25. Nf5 Rfe8 26. Ra5 Be6 27. Nxg7 Kxg7
28. Rxb5 f6 29. Rxb4 Rxd3 30. h3 Red8 31. Rb7+ Kg6 32. Rb6 R8d6 1/2-1/2

[Event "4NCL Division 2d"]
[Site "Birmingham, ENG"]
[Date "2016.04.30"]
[Round "9.12"]
[White "Booth, Richard"]
[Black "Shaw, Meyrick"]
[Result "0-1"]
[WhiteElo "2005"]
[BlackElo "2035"]
[PlyCount "38"]
[EventDate "2016.04.30"]
[WhiteTeam "Hackney 1"]
[BlackTeam "Brown Jack Witney"]

1. Nf3 c5 2. b3 d5 3. Bb2 Nc6 4. e3 Nf6 5. Bb5 Bd7 6. O-O e6 7. d4 Bd6 8. c4
O-O 9. cxd5 Nxd5 10. Nc3 cxd4 11. Nxd5 exd5 12. Nxd4 Qg5 13. Nf3 Qh5 14. h3
Rfe8 15. Be2 Bxh3 16. gxh3 Qxh3 17. Qxd5 Qg4+ 18. Kh1 Re6 19. Nh2 Qxe2 0-1

[Event "4NCL Division 2d"]
[Site "Birmingham, ENG"]
[Date "2016.04.30"]
[Round "9.15"]
[White "Thomas, Nicholas"]
[Black "Richardson, John R"]
[Result "1/2-1/2"]
[WhiteElo "2222"]
[BlackElo "2267"]
[PlyCount "89"]
[EventDate "2016.04.30"]
[WhiteTeam "Warwickshire Select 1"]
[BlackTeam "The AD's"]

1. e4 c6 2. d4 d5 3. Nd2 dxe4 4. Nxe4 Bf5 5. Ng3 Bg6 6. h4 h6 7. Nf3 Nd7 8. h5
Bh7 9. Bd3 Bxd3 10. Qxd3 e6 11. Bd2 Ngf6 12. O-O-O Be7 13. Ne4 Nxe4 14. Qxe4
Nb6 15. Qe2 Qd5 16. c4 Qe4 17. Rde1 Qxe2 18. Rxe2 O-O 19. Ne5 c5 20. Bc3 cxd4
21. Bxd4 Rfd8 22. Bc3 Bc5 23. f3 Bd4 24. Bxd4 Rxd4 25. Rd2 Rxd2 26. Kxd2 Nd7
27. Nxd7 Rd8 28. Kc3 Rxd7 29. b4 f5 30. Re1 Kf7 31. a4 Kf6 32. f4 g6 33. hxg6
Rg7 34. Re3 Rxg6 35. g3 h5 36. c5 Rg4 37. Rd3 Ke7 38. b5 h4 39. gxh4 Rxf4 40.
c6 bxc6 41. bxc6 Rxh4 42. Rd7+ Ke8 43. Rd6 Ke7 44. Rd7+ Ke8 45. Rd6 1/2-1/2

[Event "4NCL Division 2d"]
[Site "Birmingham, ENG"]
[Date "2016.04.30"]
[Round "9.16"]
[White "Snape, Ian L"]
[Black "Mason, Donald J"]
[Result "1-0"]
[WhiteElo "2267"]
[BlackElo "2230"]
[PlyCount "85"]
[EventDate "2016.04.30"]
[WhiteTeam "The AD's"]
[BlackTeam "Warwickshire Select 1"]

1. d4 Nf6 2. c4 g6 3. Nc3 d5 4. cxd5 Nxd5 5. e4 Nxc3 6. bxc3 Bg7 7. Bc4 c5 8.
Ne2 Nc6 9. Be3 O-O 10. O-O Bd7 11. Rb1 Qc7 12. Nf4 Na5 13. Be2 e6 14. Nd3 b6
15. Bf4 Qc6 16. d5 exd5 17. exd5 Qf6 18. Be5 Qh4 19. Bxg7 Kxg7 20. Ne5 Rad8 21.
Qd2 Qe4 22. f4 f6 23. Bf3 Qa4 24. Nxd7 Rxd7 25. Rbe1 Nc4 26. Qd3 Nd6 27. Qd2
Nc4 28. Qf2 Nd6 29. g3 Qc4 30. Qd2 Re8 31. Rxe8 Nxe8 32. Re1 Nd6 33. Re6 Qa6
34. g4 Qb7 35. Qe2 Qc7 36. g5 f5 37. Qe5+ Kg8 38. h4 c4 39. h5 gxh5 40. Bxh5 b5
41. Kg2 b4 42. Be8 b3 43. Bxd7 1-0

[Event "4NCL Division 2d"]
[Site "Birmingham, ENG"]
[Date "2016.04.30"]
[Round "9.17"]
[White "Shephard, Chris C W"]
[Black "Swindells, Jonathan E"]
[Result "0-1"]
[WhiteElo "2215"]
[BlackElo "2260"]
[PlyCount "78"]
[EventDate "2016.04.30"]
[WhiteTeam "Warwickshire Select 1"]
[BlackTeam "The AD's"]

1. e4 e5 2. Nf3 Nc6 3. d3 Nf6 4. Be2 d5 5. Nbd2 Bc5 6. O-O O-O 7. c3 a5 8. b3
Bg4 9. Qc2 d4 10. c4 Nh5 11. a3 Nf4 12. Bd1 Qf6 13. Kh1 Nd8 14. Ng1 Bd7 15.
Ndf3 Ra6 16. g3 Nh3 17. Kg2 Nxg1 18. Nxg1 Qe7 19. Ra2 b5 20. f3 Rg6 21. Kh1
bxc4 22. bxc4 f5 23. exf5 Rxf5 24. Qd2 Bb6 25. Qe1 Bc6 26. Rff2 Ne6 27. Be2 Nc5
28. Bf1 Qf8 29. Qd1 e4 30. dxe4 Nxe4 31. Rg2 Nc3 32. Qd2 Nxa2 33. Qxa2 Bc5 34.
Bd3 Bxf3 35. Nxf3 Rxf3 36. Bxg6 Rf1+ 37. Rg1 Qf3+ 38. Qg2 Rxg1+ 39. Kxg1 d3+
0-1

[Event "4NCL Division 2d"]
[Site "Birmingham, ENG"]
[Date "2016.04.30"]
[Round "9.18"]
[White "Wheeler, Darren P"]
[Black "Stepanyan, Henrik"]
[Result "1-0"]
[WhiteElo "2215"]
[BlackElo "2140"]
[PlyCount "55"]
[EventDate "2016.04.30"]
[WhiteTeam "The AD's"]
[BlackTeam "Warwickshire Select 1"]

1. e4 e5 2. Nf3 Nc6 3. Bb5 Nge7 4. c3 g6 5. d4 exd4 6. cxd4 Bg7 7. Nc3 a6 8.
Bxc6 Nxc6 9. Bg5 f6 10. Bf4 d6 11. h3 Qe7 12. O-O g5 13. Bg3 g4 14. hxg4 Bxg4
15. Qb3 O-O-O 16. d5 Ne5 17. Nd4 h5 18. f3 h4 19. Bf4 Bd7 20. Nce2 h3 21. g3
h2+ 22. Kf2 Rh5 23. Rh1 Rdh8 24. Rac1 f5 25. Qc2 Qd8 26. exf5 Rf8 27. g4 Rh3
28. Kg2 1-0

[Event "4NCL Division 2d"]
[Site "Birmingham, ENG"]
[Date "2016.04.30"]
[Round "9.19"]
[White "Hynes, Anthony M"]
[Black "Stockwell, Mark B"]
[Result "1/2-1/2"]
[WhiteElo "2129"]
[BlackElo "2087"]
[PlyCount "59"]
[EventDate "2016.04.30"]
[WhiteTeam "Warwickshire Select 1"]
[BlackTeam "The AD's"]

1. e4 e5 2. Nf3 Nc6 3. Bc4 Bc5 4. c3 Nf6 5. d3 a6 6. O-O d6 7. b4 Ba7 8. a4 O-O
9. Nbd2 Ne7 10. a5 Ng6 11. Ba2 Nh5 12. Nc4 Nhf4 13. d4 Qf6 14. Ne3 exd4 15. Nd5
Nxd5 16. Bg5 Qe6 17. exd5 Qf5 18. cxd4 h6 19. Be3 Bd7 20. Rc1 Rac8 21. Re1 Rfe8
22. Rc3 Nf4 23. Bb1 Qg4 24. Bxf4 Qxf4 25. Rxe8+ Rxe8 26. g3 Qf6 27. Rxc7 Bg4
28. Qd3 g6 29. Kg2 Re7 30. Rxe7 1/2-1/2

[Event "4NCL Division 2d"]
[Site "Birmingham, ENG"]
[Date "2016.04.30"]
[Round "9.20"]
[White "Selway, Richard P"]
[Black "Fallowfield, Jeremy R"]
[Result "1/2-1/2"]
[WhiteElo "2110"]
[BlackElo "2138"]
[PlyCount "121"]
[EventDate "2016.04.30"]
[WhiteTeam "The AD's"]
[BlackTeam "Warwickshire Select 1"]

1. e4 c5 2. Nc3 Nc6 3. g3 g6 4. Bg2 Bg7 5. d3 d6 6. Be3 e5 7. Nge2 Nge7 8. O-O
O-O 9. Qd2 Nd4 10. f4 exf4 11. Nxf4 Nec6 12. Ncd5 b6 13. c3 Ne6 14. h3 Ne5 15.
Nxe6 Bxe6 16. Rf2 Bxd5 17. exd5 f5 18. b3 Qd7 19. d4 cxd4 20. Bxd4 Rfe8 21. Re1
Re7 22. Rfe2 Rae8 23. Kf1 Rf8 24. Kg1 Rfe8 25. Kf1 h6 26. a4 Rf8 27. Rf2 Kh7
28. Kg1 Rfe8 29. Rfe2 Bf6 30. Kf1 Bg5 31. Qc2 Bf6 32. Ra1 h5 33. a5 bxa5 34.
Rxa5 Ra8 35. Qa2 Qb7 36. c4 Bg7 37. Rb5 Qd7 38. Qd2 Rae8 39. Ra5 Nxc4 40. bxc4
Rxe2 41. Qxe2 Rxe2 42. Rxa7 Qe8 43. Rxg7+ Kh6 44. Bf3 Rd2 45. Rg8 Qxg8 46. Be3+
g5 47. Bxd2 Kg6 48. Kf2 g4 49. hxg4 hxg4 50. Be2 Qb8 51. Bf4 Qb6+ 52. Be3 Qb4
53. Bf4 Kf7 54. Be3 Qb1 55. Bf4 Ke7 56. Bg5+ Kd7 57. Bf4 Qh1 58. Ke3 Qe1 59.
Kd3 Qb1+ 60. Ke3 Qb2 61. Bd3 1/2-1/2

[Event "4NCL Division 2d"]
[Site "Birmingham, ENG"]
[Date "2016.04.30"]
[Round "9.21"]
[White "Baruch, Andrew J D"]
[Black "Arkell, Nicholas D"]
[Result "1-0"]
[WhiteElo "2076"]
[BlackElo "2027"]
[PlyCount "71"]
[EventDate "2016.04.30"]
[WhiteTeam "Warwickshire Select 1"]
[BlackTeam "The AD's"]

1. g3 g6 2. Bg2 Bg7 3. c4 d6 4. Nc3 e6 5. e4 Ne7 6. Nge2 Nd7 7. d3 O-O 8. h4 h5
9. Bg5 a6 10. d4 Rb8 11. Qd2 b5 12. c5 b4 13. Na4 Qe8 14. Rc1 Nf6 15. b3 Bd7
16. Nb2 Bb5 17. O-O Nd7 18. cxd6 cxd6 19. Nc4 Nc8 20. Rfe1 e5 21. Qxb4 exd4 22.
Qd2 Ne5 23. Nxd4 Bxc4 24. bxc4 Qa4 25. Bh6 Nb6 26. Bxg7 Kxg7 27. Nf5+ gxf5 28.
Qg5+ Kh7 29. f4 Ng6 30. exf5 Rg8 31. Qxh5+ Kg7 32. fxg6 Rgf8 33. Re7 Qb4 34.
Qh7+ Kf6 35. Rxf7+ Ke6 36. Bh3# 1-0

[Event "4NCL Division 2d"]
[Site "Birmingham, ENG"]
[Date "2016.04.30"]
[Round "9.22"]
[White "Selway, Alexander M"]
[Black "Kearney, James"]
[Result "1-0"]
[WhiteElo "1705"]
[BlackElo "1892"]
[PlyCount "67"]
[EventDate "2016.04.30"]
[WhiteTeam "The AD's"]
[BlackTeam "Warwickshire Select 1"]

1. d4 Nf6 2. Nf3 g6 3. Nc3 d5 4. e3 Bg7 5. Be2 Bg4 6. b3 c6 7. Bb2 Nbd7 8. h3
Bxf3 9. Bxf3 O-O 10. Qd2 Re8 11. O-O-O a5 12. g4 e5 13. Rde1 e4 14. Be2 Nf8 15.
f4 exf3 16. Bxf3 b5 17. Qg2 a4 18. g5 N6d7 19. Rhf1 axb3 20. axb3 Nb6 21. h4 h5
22. Qf2 Ra7 23. e4 b4 24. Nb1 Rae7 25. Nd2 Ne6 26. e5 Bf8 27. Bg2 Qc7 28. Bh3
Ra8 29. Re3 Ra7 30. Rf3 Kg7 31. Rf6 Nd8 32. e6 Nxe6 33. Bxe6 Rxe6 34. Rxe6 1-0

[Event "4NCL Division 2d"]
[Site "Birmingham, ENG"]
[Date "2016.04.30"]
[Round "9.25"]
[White "Kenworthy, Gary"]
[Black "Beckett, Chris J"]
[Result "0-1"]
[WhiteElo "2275"]
[BlackElo "2159"]
[PlyCount "98"]
[EventDate "2016.04.30"]
[WhiteTeam "MK Phoenix 1"]
[BlackTeam "Cambridge University 2"]

1. e4 e6 2. d4 d5 3. Nc3 Nf6 4. Bg5 Bb4 5. e5 h6 6. Bd2 Bxc3 7. bxc3 Ne4 8. Bd3
Nxd2 9. Qxd2 c5 10. Nf3 c4 11. Be2 Qa5 12. O-O Nd7 13. a3 b5 14. Rfb1 Nb6 15.
g3 Bd7 16. Nh4 Na4 17. Rb4 Qd8 18. f4 g6 19. Ng2 Bc6 20. Ne3 h5 21. h4 Kd7 22.
Ng2 Qe7 23. Ne1 Kc7 24. Nf3 Rab8 25. Ng5 a5 26. Rbb1 Bd7 27. Kf2 Rb6 28. g4
hxg4 29. Kg3 Rhb8 30. Bxg4 b4 31. axb4 axb4 32. cxb4 Rxb4 33. Rh1 c3 34. Qe3
Rb2 35. h5 gxh5 36. Rxh5 Qb4 37. Rh7 Rxc2 38. Rxf7 Kc6 39. f5 Rg2+ 40. Kxg2
Qb2+ 41. Kg3 Qxa1 42. fxe6 c2 43. exd7 c1=Q 44. Qxc1+ Qxc1 45. Ne6 Qe3+ 46. Kh4
Qh6+ 47. Bh5 Qxe6 48. Rf6 Qxf6+ 49. exf6 Kxd7 0-1